000 00644nam a2200169 a 4500
001 000037913
005 20201002031133.0
008 130308s2012 dr ac 000 0 spa d
020 _a9789945885316
040 _aDO-SdBNP
_bspa
_cBNPHU
100 1 _aBrea Montero, Carmen Alicia
_964352
245 1 0 _aCostumbres y tradiciones de San Juan de la Maguana /
_cCarmen Alicia Brea Montero, Dilcia Medina Encarnacón.
260 _aSanto Domingo :
_bEditora Búho,
_c2012.
300 _a133 p. :
_bil., retrs. ;
_c23 cm.
500 _aIncluye datos biográficos de la autora en la solapa de la contraportada
700 1 _aMedina Encarnacón, Dilcia
_964353
999 _c37403
_d37403